| 000 | 00589nam a2200133Ia 4500 | ||
|---|---|---|---|
| 008 | 171207s9999 xx 000 0 und d | ||
| 100 | _aStevens, Robin | ||
| 245 | 4 | _aThe digital hood: Social media use among youth in disadvantaged neighborhoods | |
| 245 | _cRobin Stevens, Stacia Gilliard-Matthews, Jamie Dunaev, Marcus K Woods, Bridgette M Brawner | ||
| 260 | _c2017 | ||
| 300 | _apages 950-967, June 2017 | ||
| 440 |
_aNew Media & Society _v19:6 |
||
| 650 | _aAfrican American, digital neighborhood, Facebook, Internet, Latino/a, neighborhood disadvantage, sexual health, social media | ||
| 999 |
_c347659 _d347659 |
||